| 000 | 00665nam a2200217 i 4500 | ||
|---|---|---|---|
| 001 | 188739 | ||
| 003 | ES-MaACL | ||
| 005 | 20230906223306.0 | ||
| 007 | t| | ||
| 008 | 190211s1969 sp r ||||1| spa d | ||
| 100 | 0 |
_aAvanzini, Guy. _923992 |
|
| 245 | 1 | 0 |
_aLos años de la adolescencia / _cGuy Avanzini ; [versión de Pedro Darnell]. |
| 260 |
_aBarcelona : _bNova Terra, _c1969. |
||
| 300 |
_a272 p. ; _c20 cm. |
||
| 490 | 1 |
_aColección "Navidad" ; _v23 |
|
| 650 | 0 | 4 |
_aAdolescentes- _xPsicología. _99649 |
| 700 | 0 |
_aDarnell, Pedro. _942741 |
|
| 830 | 0 |
_aColección "Navidad" ; _v23 _9181795 |
|
| 852 |
_aES-MaACL _jP-474-Ter-21 |
||
| 999 |
_c188739 _d188739 |
||